000 00541nam a2200169 a 4500
001 000041527
005 20201002035625.0
008 131009s1993 dr 000 0 spa d
040 _aDO-SdBNP
_bspa
_cBNPHU
082 _axxx
_bxxx
100 1 _aHernández Quezada, Porfirio
_97805
245 1 0 _aNociones de derecho del trabajo. /
_cPorfirio Hernández Quezada.
260 _aSanto Domingo :
_bCorripio,
_c1993.
300 _a162 p. ;
_c23 cm.
500 _aIncluye datos biografícos en la contraportada.
504 _aBibliografía p: 161-162
999 _c41017
_d41017